<?xml version="1.0" encoding="UTF-8"?>
<record
    xmlns:xsi="http://www.w3.org/2001/XMLSchema-instance"
    xsi:schemaLocation="http://www.loc.gov/MARC21/slim http://www.loc.gov/standards/marcxml/schema/MARC21slim.xsd"
    xmlns="http://www.loc.gov/MARC21/slim">

  <leader>01220nam a2200253 a 4500</leader>
  <controlfield tag="001">39518</controlfield>
  <controlfield tag="003">BD-RjUL</controlfield>
  <controlfield tag="005">20211209053016.0</controlfield>
  <controlfield tag="008">160412r20062000bg ||||  |||| 001 0 ben d</controlfield>
  <datafield tag="020" ind1=" " ind2=" ">
    <subfield code="a">9840502255</subfield>
    <subfield code="c">: TK. 325.00</subfield>
  </datafield>
  <datafield tag="035" ind1=" " ind2=" ">
    <subfield code="a">(BD-RjUL)39631</subfield>
  </datafield>
  <datafield tag="040" ind1=" " ind2=" ">
    <subfield code="a">BD-RjUL</subfield>
    <subfield code="b">ben</subfield>
    <subfield code="c">BD-RjUL</subfield>
  </datafield>
  <datafield tag="041" ind1=" " ind2=" ">
    <subfield code="a">ben</subfield>
  </datafield>
  <datafield tag="082" ind1=" " ind2=" ">
    <subfield code="2">23</subfield>
    <subfield code="a">327.5492</subfield>
    <subfield code="b">AHG 2006</subfield>
  </datafield>
  <datafield tag="100" ind1=" " ind2=" ">
    <subfield code="a">&#x986;&#x9B9;&#x9AE;&#x9C7;&#x9A6;, &#x9AE;&#x993;&#x9A6;&#x9C1;&#x9A6;.</subfield>
    <subfield code="9">121765</subfield>
  </datafield>
  <datafield tag="245" ind1=" " ind2=" ">
    <subfield code="a">&#x997;&#x9A8;&#x9A4;&#x9A8;&#x9CD;&#x9A4;&#x9CD;&#x9B0; &#x98F;&#x9AC;&#x982; &#x989;&#x9A8;&#x9CD;&#x9A8;&#x9AF;&#x9BC;&#x9A8;&#x9C7;&#x9B0; &#x99A;&#x9CD;&#x9AF;&#x9BE;&#x9B2;&#x9C7;&#x99E;&#x9CD;&#x99C; : </subfield>
    <subfield code="b">&#x9AA;&#x9CD;&#x9B0;&#x9C7;&#x995;&#x9CD;&#x9B7;&#x9BE;&#x9AA;&#x99F; &#x9AC;&#x9BE;&#x982;&#x9B2;&#x9BE;&#x9A6;&#x9C7;&#x9B6;&#x9C7;&#x9B0; &#x9B0;&#x9BE;&#x99C;&#x9A8;&#x9C0;&#x9A4;&#x9BF; &#x98F;&#x9AC;&#x982; &#x9B8;&#x9BE;&#x9AE;&#x9B0;&#x9BF;&#x995; &#x9B6;&#x9BE;&#x9B8;&#x9A8; /</subfield>
    <subfield code="c">&#x9AE;&#x993;&#x9A6;&#x9C1;&#x9A6; &#x986;&#x9B9;&#x9AE;&#x9C7;&#x9A6; ; &#x99C;&#x997;&#x9B2;&#x9C1;&#x9B2; &#x986;&#x9B2;&#x9AE;</subfield>
  </datafield>
  <datafield tag="260" ind1=" " ind2=" ">
    <subfield code="a">&#x9A2;&#x9BE;&#x995;&#x9BE; : </subfield>
    <subfield code="b">&#x9A6;&#x9BF; &#x987;&#x989;&#x9A8;&#x9BF;&#x9AD;&#x9BE;&#x9B0;&#x9CD;&#x9B8;&#x9BF;&#x99F;&#x9BF; &#x9AA;&#x9CD;&#x9B0;&#x9C7;&#x9B8; &#x9B2;&#x9BF;&#x9AE;&#x9BF;&#x99F;&#x9C7;&#x9A1;,</subfield>
    <subfield code="c">&#x9E8;&#x9E6;&#x9E6;&#x9E6;  [&#x9E8;&#x9AF;&#x9BC; &#x9AE;&#x9C1;&#x9A6;&#x9CD;&#x9B0;&#x9A3;  &#x9E8;&#x9E6;&#x9E6;&#x9EC;]</subfield>
  </datafield>
  <datafield tag="300" ind1=" " ind2=" ">
    <subfield code="a">xv, &#x9E9;&#x9EE;&#x9EA; &#x9AA;&#x9C3;. ;</subfield>
    <subfield code="c">&#x9E8;&#x9E7; &#x9B8;&#x9C7;&#x9AE;&#x9BF;.</subfield>
  </datafield>
  <datafield tag="505" ind1=" " ind2=" ">
    <subfield code="a">&#x9A8;&#x9BF;&#x9B0;&#x9CD;&#x998;&#x9A8;&#x9CD;&#x99F; &#x9B8;&#x982;&#x9AF;&#x9C1;&#x995;&#x9CD;&#x9A4;</subfield>
  </datafield>
  <datafield tag="650" ind1=" " ind2=" ">
    <subfield code="a">&#x9B8;&#x9BE;&#x9AE;&#x9B0;&#x9BF;&#x995; &#x9B6;&#x9BE;&#x9B8;&#x9A8;</subfield>
    <subfield code="z">&#x9AC;&#x9BE;&#x982;&#x9B2;&#x9BE;&#x9A6;&#x9C7;&#x9B6;</subfield>
    <subfield code="9">121777</subfield>
  </datafield>
  <datafield tag="650" ind1=" " ind2=" ">
    <subfield code="a">Military Interventions</subfield>
    <subfield code="z">Bangladesh</subfield>
    <subfield code="9">121778</subfield>
  </datafield>
  <datafield tag="700" ind1=" " ind2=" ">
    <subfield code="a">&#x986;&#x9B2;&#x9AE;, &#x99C;&#x997;&#x9B2;&#x9C1;&#x9B2;.</subfield>
    <subfield code="9">120341</subfield>
  </datafield>
  <datafield tag="942" ind1=" " ind2=" ">
    <subfield code="2">ddc</subfield>
    <subfield code="c">BK</subfield>
  </datafield>
  <datafield tag="999" ind1=" " ind2=" ">
    <subfield code="c">39518</subfield>
    <subfield code="d">39518</subfield>
  </datafield>
  <datafield tag="952" ind1=" " ind2=" ">
    <subfield code="0">0</subfield>
    <subfield code="1">0</subfield>
    <subfield code="2">ddc</subfield>
    <subfield code="4">0</subfield>
    <subfield code="7">1</subfield>
    <subfield code="8">NFIC</subfield>
    <subfield code="a">RUCL</subfield>
    <subfield code="b">RUCL</subfield>
    <subfield code="c">Reading</subfield>
    <subfield code="d">2013-12-23</subfield>
    <subfield code="e">Prothoma prokashon, Dhaka</subfield>
    <subfield code="g">325.00</subfield>
    <subfield code="l">0</subfield>
    <subfield code="o">B 327.5492 AHG 2006</subfield>
    <subfield code="r">2016-04-12 00:00:00</subfield>
    <subfield code="t">C-1</subfield>
    <subfield code="w">2016-04-12</subfield>
    <subfield code="y">BK</subfield>
  </datafield>
  <datafield tag="952" ind1=" " ind2=" ">
    <subfield code="0">0</subfield>
    <subfield code="1">0</subfield>
    <subfield code="2">ddc</subfield>
    <subfield code="4">0</subfield>
    <subfield code="7">0</subfield>
    <subfield code="8">NFIC</subfield>
    <subfield code="a">RUCL</subfield>
    <subfield code="b">RUCL</subfield>
    <subfield code="c">Stack</subfield>
    <subfield code="d">2013-12-23</subfield>
    <subfield code="e">Prothoma prokashon, Dhaka</subfield>
    <subfield code="g">325.00</subfield>
    <subfield code="l">1</subfield>
    <subfield code="o">B 327.5492 AHG 2006</subfield>
    <subfield code="r">2019-02-24 00:00:00</subfield>
    <subfield code="s">2019-02-03</subfield>
    <subfield code="t">C-2</subfield>
    <subfield code="w">2016-04-12</subfield>
    <subfield code="y">BK</subfield>
  </datafield>
  <datafield tag="952" ind1=" " ind2=" ">
    <subfield code="0">0</subfield>
    <subfield code="1">0</subfield>
    <subfield code="2">ddc</subfield>
    <subfield code="4">0</subfield>
    <subfield code="7">0</subfield>
    <subfield code="8">NFIC</subfield>
    <subfield code="a">RUCL</subfield>
    <subfield code="b">RUCL</subfield>
    <subfield code="c">Stack</subfield>
    <subfield code="d">2013-12-23</subfield>
    <subfield code="e">Prothoma prokashon, Dhaka</subfield>
    <subfield code="g">325.00</subfield>
    <subfield code="l">0</subfield>
    <subfield code="o">B 327.5492 AHG 2006</subfield>
    <subfield code="r">2016-04-12 00:00:00</subfield>
    <subfield code="t">C-3</subfield>
    <subfield code="w">2016-04-12</subfield>
    <subfield code="y">BK</subfield>
  </datafield>
</record>
